Mathematics in the modern world / Ethel Cecille Baltazar, Carmelita Ragasa, Justina Evangelista. (Record no. 21229)

000 -LEADER
fixed length control field 00579nam a22001697a 4500
020 ## - INTERNATIONAL STANDARD BOOK NUMBER
ISBN 9789719810728
082 ## - DEWEY DECIMAL CLASSIFICATION NUMBER
Classification number 510
Item number B1971 2018
100 ## - MAIN ENTRY--AUTHOR NAME
Personal name Baltazar, Ethel Cecille, author.
245 ## - TITLE STATEMENT
Title Mathematics in the modern world / Ethel Cecille Baltazar, Carmelita Ragasa, Justina Evangelista.
260 ## - PUBLICATION, DISTRIBUTION, ETC. (IMPRINT)
Place of publication Quezon City :
Name of publisher C & E Publishing,
Year of publication ©2018.
300 ## - PHYSICAL DESCRIPTION
Number of Pages viii, 270 pages :
Other physical details illustrations ; 22 cm.
500 ## - GENERAL NOTE
General note Includes bibliographical references and index.
650 ## - SUBJECT ADDED ENTRY--TOPICAL TERM
Topical Term Mathematics.
700 ## - ADDED ENTRY--PERSONAL NAME
Personal name Ragasa, Carmelita.
700 ## - ADDED ENTRY--PERSONAL NAME
Personal name Evangelista, Justina.
942 ## - ADDED ENTRY ELEMENTS (KOHA)
Koha item type Books
Holdings
Source of acquisition Permanent Location Date acquired Koha item type Collection code Accession Number Lost status Shelving location Withdrawn status Current Location Full call number
SchoolCagayan State University - Carig Library2025-07-28BooksPure Sciences007549 General Collection Cagayan State University - Carig Library510 B1971 2018

Cagayan State University University Library, Carig Campus
Tuguegarao City, Cagayan 3500 | www.csucarig.edu.ph

Powered by Koha